000 00631nam a2200217Ii 4500
003 JO-AjNU
008 230606s9999||||xx |||||||||||||| ||und||
020 _a978-0-256-06803-8
040 _aJO-AjNU
_beng
_erda
_cJO-AjNU
041 _aeng
050 1 4 _aHF5667.M43.1989
100 3 _aMeigs, Walter B.,O. Ray Whittington, Kurt Pany, Rpbert F. Meigs,
_eauthor
_96849
245 0 0 _aPrinciples Of Auditing
250 _a9th ed
264 3 1 _aGeorgetown: IRWIN, 1989
300 _a732p
336 _atext
_btxt
_2rdacontent
337 _aunmediated
_bn
_2rdamedia
338 _avolume
_bnc
_2rdacarrier
650 4 _aAuditing
_96850
999 _aE3576
_c3549
_d3549